| 000 | 00550nam a2200229 a 4500 | ||
|---|---|---|---|
| 001 | nice12345678 | ||
| 003 | IN_TiNIC | ||
| 005 | 20260116015155.0 | ||
| 008 | 050524s1966 onta grp 000 0 eng | ||
| 020 |
_a _c100 |
||
| 082 | 0 | 0 |
_a266.009 _bALI |
| 100 | _aAlice, | ||
| 245 | _aBecoming God`s People Today | ||
| 260 |
_aOntario _bHerald Press _c1966 |
||
| 300 | _a144p | ||
| 500 | _aincludes index and biblioraphy | ||
| 505 | 2 | _aSelected Bibliography | |
| 650 | _aMission-Christian | ||
| 902 | _bSRS | ||
| 942 | _cBK | ||
| 999 |
_c18616 _d18616 |
||